Tâm lý học gia đình

Sparad:
Bibliografiska uppgifter
Huvudupphovsman: Ngô Công Hoàn
Materialtyp: Bok
Publicerad: H. Đại học Sư Phạm Hà Nội 1 1993
Ämnen:
Taggar: Lägg till en tagg
Inga taggar, Lägg till första taggen!
Thư viện lưu trữ: Trung tâm Học liệu Lê Vũ Hùng, Trường Đại học Đồng Tháp
LEADER 00775pam a22002298a 4500
001 00022165
005 20171026081025.0
008 110528s1993 ||||||Viesd
041 0 # |a Vie 
082 1 4 |a 150  |b T120L 
100 1 # |a Ngô Công Hoàn 
245 1 0 |a Tâm lý học gia đình  |c Ngô Công Hoàn 
260 # # |a H.  |b Đại học Sư Phạm Hà Nội 1  |c 1993 
300 # # |a 195 tr.  |c 19 cm. 
650 # 4 |a Tâm lí học 
653 # # |a Giáo trình 
852 # # |b Kho giáo trình  |j KGT.0018643, KGT.0018644 
852 # # |b Kho mượn  |j KGT.0018643 
852 # # |b Kho đọc  |j KD.0008911 
852 # # |j KGT.0018643  |j KD.0008911  |j KGT.0018644 
910 0 # |a kìm  |d 28/05/2011 
980 # # |a Trung tâm Học liệu Lê Vũ Hùng, Trường Đại học Đồng Tháp